000 00348nam a2200157Ia 4500
008 210210b1818 xxu||||| |||| 00| 0 eng d
041 _aeng
082 _a829/943
100 _aSCOTT (Sir W)
245 _aRob roy
260 _aCalcutta
_bNot Mentioned
_c1818
650 _aroy
650 _aRob
690 _aEnglish Fiction
906 _a017558
999 _c137542
_d137542